000 00439nam a2200133Ia 4500
003 GCL
008 140319s9999 xx 000 0 ara d
040 _aGCL /
_cGCL
082 0 4 _a813.009
_bم ر
100 1 _aمراد كاسوحة
245 1 0 _aالرؤية الايدلوجية والموروث الدينى فى ادب حنامينة /
_cمراد كاسوحة
300 _a309 ص
490 _aسلسلة الدراسات الادبية
_v0
999 _c37923
_d37923